Introducción a la investigación en ciencias de la salud / (Registro nro. 26750)
[ vista simple ]
| 000 -LEADER | |
|---|---|
| fixed length control field | 01020cam a2200289 i 4500 |
| 001 - CONTROL NUMBER | |
| control field | 26750 |
| 003 - CONTROL NUMBER IDENTIFIER | |
| control field | Mx-PuUPA |
| 005 - DATE AND TIME OF LATEST TRANSACTION | |
| control field | 20250120144352.0 |
| 008 - FIXED-LENGTH DATA ELEMENTS--GENERAL INFORMATION | |
| fixed length control field | 140415s2021 sp d gr 000 0 spa d |
| 020 ## - INTERNATIONAL STANDARD BOOK NUMBER | |
| International Standard Book Number | 9788491138488 |
| 040 ## - CATALOGING SOURCE | |
| Original cataloging agency | Mx-PuUPA |
| Transcribing agency | Mx-PuUPA |
| Language of cataloging | spa |
| Modifying agency | Mx-PuUPA |
| Description conventions | rda |
| 041 1# - LANGUAGE CODE | |
| Language code of text/sound track or separate title | spa |
| Language code of original | eng |
| 100 1# - MAIN ENTRY--PERSONAL NAME | |
| Personal name | PolgarStephen, |
| Dates associated with a name | 1946- |
| Relator term | autor |
| 9 (RLIN) | 16650 |
| 245 10 - TITLE STATEMENT | |
| Title | Introducción a la investigación en ciencias de la salud / |
| Statement of responsibility, etc. | Stephen Polgar, Shane Thomas |
| 250 ## - EDITION STATEMENT | |
| Edition statement | Séptima edición |
| 264 #1 - PRODUCTION, PUBLICATION, DISTRIBUTION, MANUFACTURE, AND COPYRIGHT NOTICE | |
| Place of production, publication, distribution, manufacture | Barcelona, España : |
| Name of producer, publisher, distributor, manufacturer | Elsevier España, |
| Date of production, publication, distribution, manufacture, or copyright notice | 2021 |
| 300 ## - PHYSICAL DESCRIPTION | |
| Extent | vi, 214 páginas : |
| Other physical details | gráficas ; |
| Dimensions | 24 cm |
| 336 ## - CONTENT TYPE | |
| Fuente | rdacontent |
| Content type term | texto |
| Content type code | txt |
| 337 ## - MEDIA TYPE | |
| Source | rdamedia |
| Media type term | sin medio |
| Media type code | n |
| 338 ## - CARRIER TYPE | |
| Source | rdacarrier |
| Carrier type term | volumen |
| Carrier type code | nc |
| 650 #7 - SUBJECT ADDED ENTRY--TOPICAL TERM | |
| Source of heading or term | armarc |
| Topical term or geographic name entry element | Medicina |
| General subdivision | Investigación |
| -- | Metodología |
| 700 1# - ADDED ENTRY--PERSONAL NAME | |
| Personal name | Thomas, Shane, |
| Relator term | autor |
| 942 ## - ADDED ENTRY ELEMENTS (KOHA) | |
| Source of classification or shelving scheme | Dewey Decimal Classification |
| Koha item type | Libro |
| Classification part | 610.72 |
| Item part | P76 |
| Withdrawn status | Lost status | Source of classification or shelving scheme | Damaged status | Not for loan | Collection code | Home library | Current library | Shelving location | Date acquired | Source of acquisition | Cost, normal purchase price | Total Checkouts | Full call number | Barcode | Date last seen | Date last checked out | Copy number | Cost, replacement price | Price effective from | Koha item type |
|---|---|---|---|---|---|---|---|---|---|---|---|---|---|---|---|---|---|---|---|---|
| Dewey Decimal Classification | General | Biblioteca Karol Wojtyla | Biblioteca Karol Wojtyla | Sala general | 15/01/2025 | 25 | 1100.00 | 1 | 610.72 P76 2021 | 105788 | 30/04/2026 | 14/04/2026 | Ej.2 | 1100.00 | 15/01/2025 | Libro | ||||
| Dewey Decimal Classification | General | Biblioteca Karol Wojtyla | Biblioteca Karol Wojtyla | Sala general | 15/01/2025 | 25 | 1100.00 | 1 | 610.72 P76 2021 | 105787 | 29/01/2026 | 20/01/2026 | 1100.00 | 15/01/2025 | Libro |